مكتبة جامعة عجلون الوطنية

فهرس بحث المكتبة

Normal view MARC view
  • الثقافة الاسلامية - مؤتمرات

Entry Topical Term

Number of records used in: 1

001 - CONTROL NUMBER

  • control field: 48489

003 - CONTROL NUMBER IDENTIFIER

  • control field: JO-AjAnu

005 - DATE AND TIME OF LATEST TRANSACTION

  • control field: 20230606082010.0

008 - FIXED-LENGTH DATA ELEMENTS

  • fixed length control field: 230606|| aca||aabn | a|a d

040 ## - CATALOGING SOURCE

  • Original cataloging agency: JO-AjAnu
  • Transcribing agency: JO-AjAnu

150 ## - HEADING--TOPICAL TERM

  • Topical term or geographic name entry element: الثقافة الاسلامية - مؤتمرات

670 ## - SOURCE DATA FOUND

  • Source citation: Work cat.: (JO-AjAnu)24806: جامعة الزرقاء الاهلية - مؤتمر, author 48488, تدريس الثقافة الأسلامية في الجامعات : بحوث المؤتمر الثالث لكلية الشريعة 24-26 ربيع الثاني 1421 هجري 25-27 /7/2000